| 000 | 00690nam a22002177a 4500 | ||
|---|---|---|---|
| 999 |
_c4031 _d4031 |
||
| 001 | 13520 | ||
| 003 | BD-DhUAP | ||
| 005 | 20200316161423.0 | ||
| 008 | 200316s1996 enka|||| |||| 001 0 eng d | ||
| 020 | _a9780194307277 | ||
| 040 |
_aBD-DhUAP _beng _cBD-DhUAP _dBD-DhUAP |
||
| 082 |
_223 _a428.34 HUT |
||
| 100 | _aHutchinson, Tom. | ||
| 245 |
_aEnglish for life : _bPre-intermediate : Student's book / _cTom Hutchinson. |
||
| 260 |
_aOxford : _bOxford University Press, _cc2007. |
||
| 300 |
_a124 pages : _billustrations ; _c28 cm. |
||
| 500 | _aIncludes index. | ||
| 650 |
_aEnglish language _vUsage _xStudy and teaching. |
||
| 650 |
_aEnglish language _vForeign speakers. |
||
| 942 |
_2ddc _cBK |
||